[Event "Stuttgart-chA int"]
[Site "Ditzingen"]
[Date "2013.05.10"]
[Round "3"]
[White "Felser, Martin"]
[Black "Gheng, Simona"]
[Result "1/2-1/2"]
[WhiteElo "1880"]
[BlackElo "2025"]
[PlyCount "62"]
[EventDate "2013.05.09"]
[EventType "swiss"]
[EventRounds "7"]
[EventCountry "GER"]
[SourceTitle "EXT 2014"]
[Source "ChessBase"]
[SourceDate "2013.11.20"]
[SourceVersion "1"]
[SourceVersionDate "2013.11.20"]
[SourceQuality "1"]

1. c4 e6 2. g3 d5 3. Bg2 Nf6 4. Nf3 c6 5. 0-0 Bd6 6. d4 Nbd7 7. Nc3 0-0 8. Qd3 dxc4 9. Qxc4 e5 10. dxe5 Nxe5 11. Nxe5 Bxe5 12. Rd1 Qe7 13. Qd3 Be6 14. Bd2 Rad8 15. Qc2 Bc4 16. Be3 Bxc3 17. Qxc3 Qe6 18. Bd4 Rfe8 19. Bxf6 gxf6 20. e3 Rxd1+ 21. Rxd1 Bxa2 22. Rd4 Bb1 23. h4 Bf5 24. Kh2 Qe5 25. Bf3 Be6 26. Qd2 f5 27. Bg2 Qf6 28. Rd6 Qe7 29. Rd4 Qf6 30. Rd6 Qe7 31. Qd4 Qf6 1/2-1/2

[Event "Nuremberg LGA Cup 9th"]
[Site "Nuremberg"]
[Date "2012.09.07"]
[Round "4"]
[White "Felser, Martin"]
[Black "Adler, Herbert"]
[Result "0-1"]
[WhiteElo "1869"]
[BlackElo "2011"]
[PlyCount "126"]
[EventDate "2012.09.06"]
[EventType "swiss"]
[EventRounds "7"]
[EventCountry "GER"]
[SourceTitle "CBM 150 Extra"]
[Source "ChessBase"]
[SourceDate "2012.10.19"]
[SourceVersion "1"]
[SourceVersionDate "2012.10.19"]
[SourceQuality "1"]

1. Nf3 d5 2. g3 Nf6 3. Bg2 g6 4. 0-0 Bg7 5. c4 c6 6. d4 0-0 7. Nc3 Bf5 8. h3 Ne4 9. Nh4 Nxc3 10. bxc3 Be6 11. cxd5 cxd5 12. Qb3 Qd7 13. Rb1 b6 14. Kh2 Nc6 15. Bf4 f6 16. Nf3 Na5 17. Qb5 Rfd8 18. h4 Rac8 19. Rfc1 Bf5 20. Qxd7 Rxd7 21. Bh3 Bxh3 22. Kxh3 Nc4 23. Nd2 Nxd2 24. Bxd2 Rc4 25. Rb4 Rdc7 26. Rxc4 Rxc4 27. Rb1 Ra4 28. Rb2 Kf7 29. f3 e5 30. e3 Ke6 31. g4 Bf8 32. Be1 Ba3 33. Rc2 Rc4 34. Re2 b5 35. Kg3 Bd6 36. Kf2 h5 37. Rb2 a6 38. Ke2 e4 39. gxh5 gxh5 40. fxe4 dxe4 41. Kd1 Kf5 42. Rf2+ Kg6 43. Rg2+ Kf7 44. Kc2 Rc8 45. Kb3 a5 46. Rc2 a4+ 47. Kb2 Rg8 48. c4 bxc4 49. Rxc4 Rg2+ 50. Rc2 Rxc2+ 51. Kxc2 Ke6 52. Kc3 Kd5 53. Bf2 f5 54. Be1 f4 55. exf4 Bxf4 56. Bf2 e3 57. Be1 Ke4 58. Kc4 e2 59. d5 Bd6 60. Kb5 Kxd5 61. Kxa4 Ke4 62. Kb5 Kf3 63. a4 Bg3 0-1

[Event "Staufer op 23rd"]
[Site "Leinzell"]
[Date "2011.01.02"]
[Round "1"]
[White "Felser, Martin"]
[Black "Jurek, Josef"]
[Result "0-1"]
[WhiteElo "1893"]
[BlackElo "2354"]
[PlyCount "142"]
[EventDate "2011.01.02"]
[EventType "swiss"]
[EventRounds "9"]
[EventCountry "GER"]
[SourceTitle "CBM 140 Extra"]
[Source "ChessBase"]
[SourceDate "2011.03.01"]
[SourceVersion "1"]
[SourceVersionDate "2011.03.01"]
[SourceQuality "1"]

1. Nf3 c5 2. g3 g6 3. Bg2 Bg7 4. 0-0 Nc6 5. c4 Nh6 6. Nc3 Nf5 7. d3 0-0 8. h3 a6 9. Rb1 Rb8 10. e4 Nfd4 11. Nxd4 Nxd4 12. Ne2 Nxe2+ 13. Qxe2 b5 14. b3 bxc4 15. dxc4 d6 16. Bb2 Bxb2 17. Rxb2 a5 18. e5 Be6 19. f4 a4 20. g4 Qd7 21. exd6 exd6 22. Qd3 f6 23. Bd5 axb3 24. Bxe6+ Qxe6 25. Re2 Qf7 26. axb3 Rfe8 27. Rfe1 Rxe2 28. Rxe2 Rd8 29. Qe3 Kg7 30. Kh2 Rd7 31. f5 Rb7 32. Qd3 Qc7 33. Qg3 Qb8 34. Re3 Ra7 35. Re2 Kf7 36. Rd2 Ra6 37. h4 Rb6 38. Rd3 Qc7 39. Qf4 Kg7 40. Kg3 Qb7 41. Qe3 Ra6 42. Qf3 Qxf3+ 43. Kxf3 Kf7 44. Ke4 Ke7 45. Kd5 Kd7 46. fxg6 Ra1 47. b4 hxg6 48. bxc5 Ra5 49. Rf3 Rxc5+ 50. Kd4 Ke6 51. Re3+ Kf7 52. Ra3 f5 53. Ra7+ Ke6 54. gxf5+ Rxf5 55. Rg7 Rf4+ 56. Ke3 Rg4 57. Kf3 Rxc4 58. Rxg6+ Kd5 59. Rg5+ Kc6 60. h5 d5 61. Ke3 Rh4 62. Rg6+ Kc5 63. h6 Rh3+ 64. Kd2 Kc4 65. Rc6+ Kd4 66. Rg6 Rh2+ 67. Kd1 Kc4 68. Rg4+ d4 69. Rg6 Kc3 70. Rg3+ d3 71. Rg1 Rxh6 0-1

[Event "Stuttgart-chB int"]
[Site "Ditzingen"]
[Date "2010.05.15"]
[Round "6"]
[White "Wendland, Tobias"]
[Black "Felser, Martin"]
[Result "1/2-1/2"]
[WhiteElo "1630"]
[BlackElo "1894"]
[PlyCount "93"]
[EventDate "2010.05.13"]
[EventType "swiss"]
[EventRounds "7"]
[EventCountry "GER"]
[SourceTitle "EXT 2018"]
[Source "ChessBase"]
[SourceDate "2017.10.13"]
[SourceVersion "1"]
[SourceVersionDate "2017.10.13"]
[SourceQuality "1"]

1. d4 d5 2. c4 e6 3. Nc3 Nf6 4. Bg5 Be7 5. Nf3 Nbd7 6. e3 h6 7. Bh4 0-0 8. Rc1 c6 9. Bd3 dxc4 10. Bxc4 Nb6 11. Bd3 Nbd5 12. 0-0 Nxc3 13. bxc3 Qa5 14. Qc2 b6 15. e4 Ba3 16. Rb1 Nd7 17. Nd2 Qh5 18. Bg3 Be7 19. f4 Nf6 20. Rbe1 Qa5 21. Nf3 c5 22. Ne5 Bb7 23. Nc4 Qa6 24. Nd6 b5 25. Nxb5 Rac8 26. dxc5 Bxc5+ 27. Kh1 Nxe4 28. Bxe4 Bxe4 29. Qxe4 Qxb5 30. Qe2 Qxe2 31. Rxe2 Bb6 32. Rc2 Rc4 33. Be1 Rd8 34. g3 Rd3 35. Kg2 Rd1 36. Bf2 Rxf1 37. Kxf1 Bxf2 38. Kxf2 Kf8 39. Ke3 Ke7 40. Kd3 Rc6 41. c4 g5 42. Kd4 gxf4 43. gxf4 Kf6 44. Ke4 Rc5 45. Kd4 Rc6 46. Ke4 Rc5 47. Kd4 1/2-1/2

[Event "Stuttgart-chB int"]
[Site "Ditzingen"]
[Date "2009.05.21"]
[Round "1"]
[White "Kreutz, Daniel"]
[Black "Felser, Martin"]
[Result "0-1"]
[WhiteElo "1663"]
[BlackElo "1894"]
[PlyCount "52"]
[EventDate "2009.05.21"]
[EventType "swiss"]
[EventRounds "7"]
[EventCountry "GER"]
[SourceTitle "EXT 2018"]
[Source "ChessBase"]
[SourceDate "2017.10.13"]
[SourceVersion "1"]
[SourceVersionDate "2017.10.13"]
[SourceQuality "1"]

1. e4 c5 2. Nf3 d6 3. d4 cxd4 4. Nxd4 Nf6 5. Nc3 e6 6. Be2 Be7 7. Be3 a6 8. Bf3 Qc7 9. g4 Nc6 10. g5 Nd7 11. Bg4 Nde5 12. Nb3 Nxg4 13. Qxg4 Ne5 14. Qg3 Nc4 15. Bd4 b5 16. 0-0-0 b4 17. Ne2 e5 18. Be3 Bb7 19. Nd2 Rc8 20. Nxc4 Qxc4 21. Rd2 Qxa2 22. Kd1 Bxe4 23. Qg4 Qb1+ 24. Nc1 Rxc2 25. Rxc2 Qxc2+ 26. Ke1 Bxh1 0-1

[Event "Stuttgart-chA int"]
[Site "Ditzingen"]
[Date "2008.05.01"]
[Round "1"]
[White "Wenner, Tobias"]
[Black "Felser, Martin"]
[Result "1-0"]
[WhiteElo "2228"]
[BlackElo "1963"]
[PlyCount "73"]
[EventDate "2008.05.01"]
[EventType "swiss"]
[EventRounds "7"]
[EventCountry "GER"]
[SourceTitle "EXT 2018"]
[Source "ChessBase"]
[SourceDate "2017.10.13"]
[SourceVersion "1"]
[SourceVersionDate "2017.10.13"]
[SourceQuality "1"]

1. Nf3 d6 2. d4 g6 3. c4 Nh6 4. Nc3 c6 5. e4 Bg7 6. h3 e6 7. Bf4 f6 8. Qd2 Nf7 9. g4 e5 10. Be3 Nd7 11. Be2 0-0 12. 0-0-0 exd4 13. Nxd4 Nc5 14. f4 Re8 15. Bf3 Qa5 16. Kb1 Be6 17. b3 Rac8 18. f5 Bd7 19. Nc2 Ne5 20. Be2 Qb6 21. Qxd6 Bf8 22. Qxf6 Bg7 23. Qh4 Rf8 24. Qf2 Qa5 25. b4 Qa6 26. Bxc5 Nxc4 27. Bxc4+ Qxc4 28. Bd4 Rf7 29. Bxg7 Rxg7 30. Qd4 Qf7 31. f6 c5 32. bxc5 b6 33. fxg7 Be6 34. Rhf1 Qe7 35. Rf8+ Rxf8 36. gxf8Q+ Kxf8 37. Qh8+ 1-0

[Event "Bayern-chI Bank Hofmann 6th"]
[Site "Bad Wiessee"]
[Date "2002.10.26"]
[Round "1"]
[White "Solomunovic, Igor"]
[Black "Felser, Martin"]
[Result "1-0"]
[WhiteElo "2429"]
[BlackElo "2013"]
[PlyCount "51"]
[EventDate "2002.10.26"]
[EventType "swiss"]
[EventRounds "9"]
[EventCountry "GER"]
[SourceTitle "EXT 2003"]
[Source "ChessBase"]
[SourceDate "2002.11.25"]
[SourceVersion "1"]
[SourceVersionDate "2002.11.25"]
[SourceQuality "1"]

1. e4 c5 2. Nf3 d6 3. d4 cxd4 4. Nxd4 Nf6 5. Nc3 a6 6. Bg5 e6 7. f4 h6 8. Bxf6 Qxf6 9. Qd2 g5 10. f5 Bg7 11. 0-0-0 Qxd4 12. Qxd4 Bxd4 13. Rxd4 Ke7 14. Be2 Nc6 15. Rd2 b5 16. Rf1 b4 17. Na4 exf5 18. Nb6 Ra7 19. exf5 Bb7 20. f6+ Kd8 21. Nc4 Kc7 22. Nxd6 Ne5 23. Bh5 Bxg2 24. Rf5 Nd7 25. Nxf7 Rf8 26. Rxg2 1-0